Neural Networks and Learning Machines (Record no. 11116)
[ view plain ]
| 000 -LEADER | |
|---|---|
| fixed length control field | 00393nam a22001697a 4500 |
| 003 - CONTROL NUMBER IDENTIFIER | |
| control field | OSt |
| 008 - FIXED-LENGTH DATA ELEMENTS--GENERAL INFORMATION | |
| fixed length control field | 220409b ||||| |||| 00| 0 eng d |
| 020 ## - INTERNATIONAL STANDARD BOOK NUMBER | |
| International Standard Book Number | 9789332570313 |
| 082 ## - DEWEY DECIMAL CLASSIFICATION NUMBER | |
| Classification number | 006.32 HAN |
| 100 ## - MAIN ENTRY--PERSONAL NAME | |
| Personal name | HAYKIN,Simon |
| 245 ## - TITLE STATEMENT | |
| Title | Neural Networks and Learning Machines |
| 250 ## - EDITION STATEMENT | |
| Edition statement | 9TH imp |
| 260 ## - PUBLICATION, DISTRIBUTION, ETC. (IMPRINT) | |
| Place of publication, distribution, etc | New Delhi |
| Name of publisher, distributor, etc | Pearson |
| Date of publication, distribution, etc | 2020 |
| 300 ## - PHYSICAL DESCRIPTION | |
| Extent | 918 |
| 650 ## - SUBJECT ADDED ENTRY--TOPICAL TERM | |
| Topical term or geographic name as entry element | ECE |
| 942 ## - ADDED ENTRY ELEMENTS (KOHA) | |
| Source of classification or shelving scheme | Dewey Decimal Classification |
| Koha item type | Text Books |
| Withdrawn status | Lost status | Source of classification or shelving scheme | Damaged status | Not for loan | Collection code | Home library | Current library | Date acquired | Source of acquisition | Currency | Cost, normal purchase price | Bill Number | Total Checkouts | Full call number | Acc. no. / Barcode | Date last seen | Actual Cost, discounted price | Bill Date | Koha item type |
|---|---|---|---|---|---|---|---|---|---|---|---|---|---|---|---|---|---|---|---|
| Dewey Decimal Classification | B.Tech(ECE) | PIET C-LIBRARY | PIET C-LIBRARY | 01/04/2022 | Kirti Praskshan | IN Rupees | 850.00 | IN1 | 006.32 HAN | 33526 | 09/04/2022 | 346.80 | 01/04/2022 | Text Books | |||||
| Dewey Decimal Classification | B.Tech(ECE) | PIET C-LIBRARY | PIET C-LIBRARY | 01/04/2022 | Kirti Praskshan | IN Rupees | 850.00 | IN1 | 006.32 HAN | 33527 | 09/04/2022 | 346.80 | 01/04/2022 | Text Books | |||||
| Dewey Decimal Classification | B.Tech(ECE) | PIET C-LIBRARY | PIET C-LIBRARY | 01/04/2022 | Kirti Praskshan | IN Rupees | 850.00 | IN1 | 006.32 HAN | 33528 | 09/04/2022 | 346.80 | 01/04/2022 | Text Books |